LEADER 01013cam0-22003371i-450- 001 990006169110403321 005 20050412162339.0 035 $a000616911 035 $aFED01000616911 035 $a(Aleph)000616911FED01 035 $a000616911 100 $a20000112d1985----km-y0itay50------ba 101 0 $aita 102 $aIT 105 $ay-------001yy 200 1 $a<>arbitrato secondo la legge 28-1983$fa cura del Prof. Giovanni Verde$gcontributi di M. Acone, V. Andrioli, G. Brizzi ... [et al.] 210 $aNapoli$cJovene$d1985 215 $aVI, 197 p.$d24 cm 300 $aContiene anche gli atti del seminario tenuto a Napoli nel 1984 676 $a347.09 676 $a347 702 1$aVerde,$bGiovanni 702 1$aAcone,$bModestino 801 0$aIT$bUNINA$gRICA$2UNIMARC 901 $aBK 912 $a990006169110403321 952 $aIX H 87$b24162*$fFGBC 952 $aIX E 43$b10417*$fFGBC 959 $aFGBC 996 $aArbitrato secondo la legge 28-1983$9647509 997 $aUNINA LEADER 01338nam a22002891i 4500 001 991003113599707536 005 20040606135246.0 008 040624m19641965ne |||||||||||||||||ger 035 $ab1302596x-39ule_inst 035 $aARCHE-098364$9ExL 040 $aDip.to Beni Culturali$bita$cA.t.i. Arché s.c.r.l. Pandora Sicilia s.r.l. 082 04$a739.2709 100 1 $aFurtwängler, Adolf$0399347 245 14$aDie antiken Gemmen :$bGeschichte der Steinschneidekunst im klassischen Altertum /$cvon Adolf Furtwängler 250 $aRist. anast. 260 $aAmsterdam :$bHakkert ;$aOsnabrück :$bZeller,$c1964-1965 300 $av. ;$c32 cm 500 $aRist. dell ed.: Leipzig ;Berlin : Giesecke & Devrient, 1900 650 4$aGemme$xAntichità$xStoria 907 $a.b1302596x$b02-04-14$c12-07-04 912 $a991003113599707536 945 $aLE001 AR VI 21 4$g1$i2001000117987$lle001$nV. 1. - C. 1$o-$pE0.00$q-$rl$s- $t0$u0$v0$w0$x0$y.i13639614$z12-07-04 945 $aLE001 AR VI 21a 4$g1$i2001000117970$lle001$nV. 2. - C. 1$o-$pE0.00$q-$rl$s- $t0$u0$v0$w0$x0$y.i13639626$z12-07-04 945 $aLE001 AR VI 21b 4$g1$i2001000117963$lle001$nV. 3. - C. 1$o-$pE0.00$q-$rl$s- $t0$u0$v0$w0$x0$y.i13639638$z12-07-04 996 $aAntiken Gemmen$9288163 997 $aUNISALENTO 998 $ale001$b12-07-04$cm$da $e-$fger$gne $h4$i3